Normal view
MARC view
- Biblia
Entry Título Uniforme
001 - NÚMERO DE CONTROL DEL REGISTRO
- Campo de control: 3894
003 - IDENTIFICADOR DEL NÚMERO DE CONTROL
- Campo de control: UPN
005 - FECHA Y HORA DE LA ÚLTIMA TRANSACCIÓN
- Campo de control: 20240320115507.0
008 - ELEMENTOS DE LONGITUD FIJA
- Campo de control de longitud fija : 240320nabacnnnaabn b |nc |d
035 ## - NÚMERO DE CONTROL DEL SISTEMA
- Número de control de sistema local: UPN10000003894
040 ## - FUENTE DE LA CATALOGACIÓN
- Idioma de la catalogación: SPA
- Agencia que realiza la transcripción: UPN
- Agencia que crea de manera original el registro: MX-MxUPN
130 #0 - ENCABEZAMIENTO - TÍTULO UNIFORME
- Título uniforme: Biblia
- Subdivisión temática general: Historia Sagrada
670 ## - FUENTE EN LA QUE SE LOCALIZARON DATOS
- Cita de la fuente: A
902 ## - CATALOGADOR
- Catalogador: MEEG/180997
